[Event "Tan Lian Ann Cup"]
[Site "Tianjing"]
[Date "2001.07.15"]
[Round "1"]
[White "Li, Haoyu"]
[Black "Petronic, Jovan"]
[Result "1/2-1/2"]
[WhiteElo "2314"]
[BlackElo "2389"]
[PlyCount "70"]
[EventDate "2001.07.15"]
[EventType "tourn"]
[EventRounds "22"]
[EventCountry "CHN"]
[EventCategory "5"]
[SourceTitle "CBM 083 Extra"]
[Source "ChessBase"]
[SourceDate "2001.09.11"]
[SourceVersion "1"]
[SourceVersionDate "2001.09.11"]
[SourceQuality "1"]

1. e4 e5 2. Nf3 Nc6 3. d4 exd4 4. c3 d5 5. exd5 Qxd5 6. cxd4 Bg4 7. Be2 Bb4+ 8. Nc3 Bxf3 9. Bxf3 Qc4 10. Bxc6+ bxc6 11. Qe2+ Qxe2+ 12. Kxe2 Bd6 13. d5 cxd5 14. Nxd5 Ne7 15. Nxe7 Kxe7 16. Be3 Rhb8 17. Bd4 g6 18. Rae1 Kd7 19. Kd3 Rb5 20. Bc3 Rg5 21. g3 Re8 22. Rxe8 Kxe8 23. Re1+ Kd7 24. Re4 Rh5 25. h4 Rf5 26. Ke2 h5 27. Re3 Bc5 28. Rd3+ Kc6 29. Bd4 Bb6 30. Rc3+ Kd7 31. Rd3 Kc6 32. Rc3+ Kd7 33. Rd3 Kc6 34. Rc3+ Kd7 35. Rd3 Kc6 1/2-1/2

[Event "Tan Lian Ann Cup"]
[Site "Tianjing"]
[Date "2001.07.03"]
[Round "20"]
[White "Wang, Rui"]
[Black "Petronic, Jovan"]
[Result "1/2-1/2"]
[WhiteElo "2509"]
[BlackElo "2389"]
[PlyCount "103"]
[EventDate "2001.07.15"]
[EventType "tourn"]
[EventRounds "22"]
[EventCountry "CHN"]
[EventCategory "5"]
[SourceTitle "CBM 083 Extra"]
[Source "ChessBase"]
[SourceDate "2001.09.11"]
[SourceVersion "1"]
[SourceVersionDate "2001.09.11"]
[SourceQuality "1"]

1. d4 Nf6 2. Nf3 g6 3. Bg5 Bg7 4. Nbd2 0-0 5. e4 d6 6. c3 h6 7. Bh4 Qe8 8. Be2 e5 9. dxe5 dxe5 10. 0-0 Nh5 11. Re1 Be6 12. Qc2 Nd7 13. Nc4 f6 14. Nfd2 Nf4 15. Bf1 Qf7 16. Ne3 Rfd8 17. b4 Bf8 18. f3 a5 19. a3 Nb6 20. Reb1 axb4 21. cxb4 Kg7 22. Be1 c6 23. a4 Rd7 24. a5 Nc8 25. g3 Nh5 26. Nec4 Rb8 27. Bf2 Nd6 28. Nxd6 Bxd6 29. Nc4 Bxc4 30. Bxc4 Qe7 31. Qb3 Kh7 32. b5 cxb5 33. Qxb5 Rc8 34. Bd5 Bc5 35. Bxc5 Rxc5 36. Qb6 Ng7 37. Rc1 Rxc1+ 38. Rxc1 Ne8 39. Qe6 Qxe6 40. Bxe6 Re7 41. Bd5 Nd6 42. Kf2 Kg7 43. Ke3 Kf8 44. f4 exf4+ 45. gxf4 Nxe4 46. Rc8+ Kg7 47. Kd4 f5 48. Rg8+ Kf6 49. Rf8+ Kg7 50. Rg8+ Kf6 51. Rf8+ Kg7 52. Rg8+ 1/2-1/2

[Event "Tan Lian Ann Cup"]
[Site "Tianjing"]
[Date "2001.07.02"]
[Round "19"]
[White "Petronic, Jovan"]
[Black "Ning, Chunhong"]
[Result "1-0"]
[WhiteElo "2389"]
[BlackElo "2341"]
[PlyCount "101"]
[EventDate "2001.07.15"]
[EventType "tourn"]
[EventRounds "22"]
[EventCountry "CHN"]
[EventCategory "5"]
[SourceTitle "CBM 083 Extra"]
[Source "ChessBase"]
[SourceDate "2001.09.11"]
[SourceVersion "1"]
[SourceVersionDate "2001.09.11"]
[SourceQuality "1"]

1. d4 f5 2. Nf3 Nf6 3. g3 e6 4. Bg2 d5 5. c4 c6 6. Bf4 Be7 7. Nbd2 0-0 8. 0-0 Ne4 9. Rc1 g5 10. Bxb8 Rxb8 11. Ne5 Bf6 12. Nxe4 dxe4 13. Qb3 Qc7 14. c5 Rd8 15. Qc3 Bd7 16. Nc4 Be8 17. e3 Bg6 18. f3 exf3 19. Bxf3 Bg7 20. Bg2 Rd7 21. Kh1 Kh8 22. b4 a6 23. a4 Rf8 24. Nd6 Re7 25. b5 axb5 26. axb5 e5 27. b6 Qd7 28. Ra1 exd4 29. exd4 f4 30. gxf4 gxf4 31. Rae1 f3 32. Rxf3 Rxe1+ 33. Qxe1 Rxf3 34. Bxf3 Bxd4 35. Qd2 Bg7 36. Kg2 h6 37. Qe3 Kh7 38. h3 Bf6 39. Be4 Qg7 40. Kf3 Bxe4+ 41. Qxe4+ Kh8 42. Qe8+ Kh7 43. Qe4+ Kh8 44. Qg4 Bg5 45. Qc8+ Kh7 46. Qf5+ Kh8 47. Nf7+ Kg8 48. Nxg5 hxg5 49. Kg4 Qd4+ 50. Kxg5 Qd8+ 51. Kh5 1-0

[Event "Bjeljina Renome"]
[Site "Bijeljina Dvorovi"]
[Date "2000.02.04"]
[Round "9"]
[White "Savic, Miodrag R"]
[Black "Petronic, Jovan"]
[Result "1/2-1/2"]
[WhiteElo "2430"]
[BlackElo "2423"]
[PlyCount "142"]
[EventDate "2000.01.26"]
[EventType "tourn"]
[EventRounds "11"]
[EventCountry "YUG"]
[EventCategory "7"]
[SourceTitle "CBM 074 Extra"]
[Source "ChessBase"]
[SourceDate "2000.03.10"]
[SourceVersion "2"]
[SourceVersionDate "2000.03.10"]
[SourceQuality "1"]

1. e4 c5 2. Nf3 e6 3. c3 d5 4. exd5 Qxd5 5. Na3 Nf6 6. Be2 Nc6 7. 0-0 Be7 8. d4 cxd4 9. Nb5 Qd8 10. Nfxd4 Nxd4 11. Nxd4 a6 12. Bf4 0-0 13. Bf3 Nd5 14. Bg3 Bd6 15. Bxd6 Qxd6 16. Nb3 Rd8 17. c4 Nf6 18. Qxd6 Rxd6 19. Rad1 Rxd1 20. Rxd1 Kf8 21. Na5 Rb8 22. Rd8+ Ke7 23. Rh8 Kd6 24. b4 e5 25. Bd5 Nxd5 26. cxd5 Kxd5 27. Rd8+ Ke6 28. Nc4 b5 29. Na5 Ra8 30. f3 Ke7 31. Nc6+ Ke6 32. Na5 Ke7 33. Rg8 g6 34. Rh8 h5 35. Nc6+ Kd6 36. Nd8 Ke7 37. Nc6+ Kd6 38. Na5 Ke7 39. Nb3 Bb7 40. Rxa8 Bxa8 41. Nc5 Kd6 42. Nxa6 Bc6 43. Kf2 Kd5 44. Ke3 Kc4 45. g3 g5 46. h4 gxh4 47. gxh4 f5 48. Nb8 f4+ 49. Ke2 Be8 50. Na6 Kc3 51. a3 Kb3 52. Nc5+ Kxa3 53. Nd3 Kb3 54. Kd2 Bc6 55. Nxe5 Bd5 56. Kd3 Kxb4 57. Kd4 Bb7 58. Nd3+ Ka3 59. Ke5 Ka4 60. Nxf4 b4 61. Nd3 b3 62. Nb2+ Ka3 63. Nc4+ Ka2 64. f4 Bc8 65. Kd4 b2 66. Nd2 b1Q 67. Nxb1 Kxb1 68. Ke5 Kc2 69. f5 Bxf5 70. Kxf5 Kd3 71. Ke5 Kc4 1/2-1/2

[Event "Bjeljina Renome"]
[Site "Bijeljina Dvorovi"]
[Date "2000.01.28"]
[Round "3"]
[White "Grunberg, Mihai Lucian"]
[Black "Petronic, Jovan"]
[Result "1/2-1/2"]
[WhiteElo "2409"]
[BlackElo "2423"]
[PlyCount "180"]
[EventDate "2000.01.26"]
[EventType "tourn"]
[EventRounds "11"]
[EventCountry "YUG"]
[EventCategory "7"]
[SourceTitle "CBM 074 Extra"]
[Source "ChessBase"]
[SourceDate "2000.03.10"]
[SourceVersion "2"]
[SourceVersionDate "2000.03.10"]
[SourceQuality "1"]

1. f4 d5 2. Nf3 Bf5 3. g3 e6 4. Bg2 Bc5 5. d4 Bb6 6. c4 Nf6 7. Nc3 0-0 8. Ne5 Ba5 9. Qb3 Nc6 10. e3 Be4 11. 0-0 Bxc3 12. bxc3 Na5 13. Qa4 Bxg2 14. Kxg2 Nxc4 15. Nxc4 dxc4 16. Qxc4 Qd5+ 17. Qxd5 exd5 18. Rb1 b6 19. Rf2 Rfc8 20. Ba3 Re8 21. Kf3 Re6 22. Rc2 Rae8 23. Bc1 Rc6 24. a4 Ne4 25. Rb3 a6 26. Bb2 f5 27. Rb4 Nd6 28. Bc1 Kf7 29. h3 h5 30. Bd2 Nc4 31. Bc1 Ree6 32. Rb3 Rg6 33. Ba3 Rce6 34. Re2 Re4 35. Bc1 Rc6 36. Rb1 Re8 37. Rb3 Ree6 38. Bd2 Re7 39. Be1 Rce6 40. Bf2 Na5 41. Ra3 Rc6 42. g4 hxg4+ 43. hxg4 g6 44. Rc2 Re8 45. Ra1 Rh8 46. Rg1 Nc4 47. gxf5 gxf5 48. Rg5 Nd6 49. Rc1 Rh3+ 50. Kg2 Rh7 51. e4 dxe4 52. c4 Rxc4 53. Rxc4 Nxc4 54. Rxf5+ Ke6 55. Rg5 Rd7 56. f5+ Kf6 57. Rh5 e3 58. Bh4+ Kg7 59. f6+ Kg6 60. Rg5+ Kh6 61. Kf3 Rf7 62. Rg8 Kh7 63. Re8 Nd6 64. Re5 Kg6 65. Kg4 Rd7 66. Kf4 Nf7 67. Re4 e2 68. Rxe2 Rxd4+ 69. Re4 Rd1 70. Kf3 Rd3+ 71. Re3 Ne5+ 72. Ke4 Rxe3+ 73. Kxe3 Kf5 74. Bg3 Kxf6 75. Ke4 Nc4 76. Bxc7 Ke6 77. Kd4 Kd7 78. Bg3 Nd6 79. Kd5 Nc8 80. Bf2 Ne7+ 81. Kc4 Kc6 82. Bg1 Nf5 83. Bf2 Nd6+ 84. Kb4 Ne4 85. Bg1 Nf6 86. Bf2 Nd7 87. Bd4 Nc5 88. a5 bxa5+ 89. Kxa5 Nb3+ 90. Kxa6 Nxd4 1/2-1/2

[Event "Belgrade schev"]
[Site "Belgrade"]
[Date "1999.??.??"]
[Round "6"]
[White "Petronic, Jovan"]
[Black "Bakic, Rados"]
[Result "1/2-1/2"]
[WhiteElo "2426"]
[BlackElo "2446"]
[PlyCount "71"]
[EventDate "1999.??.??"]
[EventType "schev"]
[EventRounds "14"]
[EventCountry "YUG"]
[SourceTitle "EXT 2002"]
[Source "ChessBase"]
[SourceDate "2001.11.25"]
[SourceVersion "1"]
[SourceVersionDate "2001.11.25"]
[SourceQuality "1"]

1. e4 c5 2. c3 d5 3. exd5 Qxd5 4. d4 Nc6 5. Nf3 Bg4 6. Be2 cxd4 7. cxd4 e6 8. h3 Bh5 9. Nc3 Qa5 10. 0-0 Nf6 11. Be3 Be7 12. Qb3 Qb4 13. Rfd1 Qxb3 14. axb3 Nd5 15. Nxd5 exd5 16. g4 Bg6 17. Bb5 f6 18. Bxc6+ bxc6 19. Ra6 Kd7 20. Rda1 Rhb8 21. Rxa7+ Rxa7 22. Rxa7+ Ke8 23. Nd2 Bc2 24. Rc7 Rb6 25. h4 Bxb3 26. Nxb3 Rxb3 27. Rxc6 Rxb2 28. Rc8+ Kf7 29. Rh8 h6 30. Ra8 Rb7 31. h5 f5 32. gxf5 Kf6 33. Rg8 Kf7 34. Ra8 Kf6 35. Rg8 Kf7 36. Ra8 1/2-1/2

[Event "YUG-chT"]
[Site "Vrnjacka Banja"]
[Date "1999.??.??"]
[Round "6"]
[White "Petronic, Jovan"]
[Black "Bakic, Rados"]
[Result "0-1"]
[WhiteElo "2421"]
[BlackElo "2414"]
[PlyCount "60"]
[EventDate "1999.08.??"]
[EventType "team-tourn"]
[EventRounds "11"]
[EventCountry "YUG"]
[SourceTitle "EXT 2000"]
[Source "ChessBase"]
[SourceDate "1999.11.16"]
[SourceVersion "1"]
[SourceVersionDate "1999.11.16"]
[SourceQuality "1"]

1. e4 c5 2. Nf3 Nc6 3. Nc3 e6 4. d4 cxd4 5. Nxd4 Nf6 6. Nxc6 bxc6 7. Bd3 d5 8. 0-0 Be7 9. Qe2 0-0 10. b3 c5 11. Bb2 d4 12. Nb1 e5 13. Nd2 Be6 14. Nc4 Nd7 15. Bc1 Bg5 16. Qh5 Bxc1 17. Raxc1 f6 18. f4 g6 19. Qh6 exf4 20. Qxf4 Qb8 21. Qh4 Qc7 22. c3 dxc3 23. Rxc3 Kg7 24. Be2 Rae8 25. Rd1 Re7 26. Nd6 Qa5 27. Rc2 Ne5 28. Qf2 Rd7 29. Bb5 Qxb5 30. Rdd2 Qa6 0-1

[Event "YUG-chT"]
[Site "Vrnjacka Banja"]
[Date "1999.??.??"]
[Round "1"]
[White "Petronic, Jovan"]
[Black "Vukic, Milan"]
[Result "1/2-1/2"]
[WhiteElo "2421"]
[BlackElo "2495"]
[PlyCount "83"]
[EventDate "1999.08.??"]
[EventType "team-tourn"]
[EventRounds "11"]
[EventCountry "YUG"]
[SourceTitle "EXT 2000"]
[Source "ChessBase"]
[SourceDate "1999.11.16"]
[SourceVersion "1"]
[SourceVersionDate "1999.11.16"]
[SourceQuality "1"]

1. d4 Nf6 2. Bg5 d5 3. Bxf6 exf6 4. e3 Be6 5. Bd3 f5 6. Qf3 g6 7. h4 h5 8. Ne2 c6 9. Nf4 Bd6 10. Nd2 Qa5 11. c3 Nd7 12. Qe2 Nf6 13. Nf3 Qc7 14. Ng5 Bd7 15. g3 Rf8 16. 0-0-0 0-0-0 17. c4 Kb8 18. cxd5 Bxf4 19. gxf4 Nxd5 20. Bc4 f6 21. Nf3 Be6 22. Rhg1 Qf7 23. Bb3 Rfe8 24. Qd2 Ne7 25. Bxe6 Qxe6 26. b3 Qe4 27. Rg3 Rd5 28. Qc2 Qe6 29. Kb2 Rc8 30. Rgg1 c5 31. Qe2 a6 32. Rd2 cxd4 33. Nxd4 Qb6 34. Rc1 Rxc1 35. Kxc1 Nc6 36. Nxc6+ Qxc6+ 37. Kb2 Qd6 38. Rc2 Rd3 39. Qe1 Rd1 40. Qc3 Qd8 41. Qb4 Rd5 42. Qc4 1/2-1/2

[Event "YUG Cup"]
[Site "Herceg Novi"]
[Date "1999.??.??"]
[Round "?"]
[White "Scekic, Milos"]
[Black "Petronic, Jovan"]
[Result "1/2-1/2"]
[WhiteElo "2460"]
[BlackElo "2426"]
[PlyCount "84"]
[EventDate "1999.??.??"]
[EventType "team-tourn"]
[EventRounds "6"]
[EventCountry "YUG"]
[SourceTitle "EXT 2001"]
[Source "ChessBase"]
[SourceDate "2000.11.22"]
[SourceVersion "1"]
[SourceVersionDate "2000.11.22"]
[SourceQuality "1"]

1. Nf3 Nf6 2. d4 e6 3. c4 d5 4. e3 c5 5. Nc3 cxd4 6. exd4 Bb4 7. cxd5 exd5 8. Qa4+ Nc6 9. Bb5 Bd7 10. 0-0 Bxc3 11. bxc3 0-0 12. Bg5 h6 13. Bxf6 Qxf6 14. Rfe1 Qd6 15. Bxc6 Bxc6 16. Qb3 Rfe8 17. Ne5 Re6 18. Re3 Rae8 19. Rae1 f6 20. Ng4 Rxe3 21. Rxe3 Rxe3 22. Nxe3 Qe6 23. Qd1 Qe4 24. h3 a6 25. Qd2 Qb1+ 26. Kh2 Qe4 27. Qe2 Qf4+ 28. g3 Qe4 29. Qh5 Kf8 30. Qe2 Kg8 31. f3 Qe6 32. Kg2 Bd7 33. g4 Bb5 34. Qd2 Kf8 35. Kf2 Qd6 36. Ng2 Bc4 37. Qb2 b5 38. h4 a5 39. a3 Qh2 40. Qd2 Qd6 41. Qc1 Kf7 42. h5 Qe7 1/2-1/2

[Event "YUG-ch53"]
[Site "Belgrade "]
[Date "1998.03.15"]
[Round "2"]
[White "Petronic, Jovan"]
[Black "Ivanisevic, Ivan"]
[Result "1/2-1/2"]
[WhiteElo "2450"]
[BlackElo "2460"]
[PlyCount "93"]
[EventDate "1998.03.14"]
[EventType "tourn"]
[EventRounds "15"]
[EventCountry "YUG"]
[EventCategory "10"]
[SourceTitle "CBM 064"]
[Source "ChessBase"]
[SourceDate "1998.06.02"]
[SourceVersion "1"]
[SourceVersionDate "1998.06.02"]
[SourceQuality "1"]

1. d4 Nf6 2. c4 g6 3. Nc3 Bg7 4. e4 d6 5. f3 0-0 6. Bg5 a6 7. Qd2 Nbd7 8. Nh3 c5 9. d5 b5 10. cxb5 Qa5 11. Nf2 Nb6 12. Nfd1 c4 13. bxa6 e6 14. dxe6 Bxe6 15. Be2 Rfe8 16. 0-0 Rxa6 17. Be3 d5 18. b4 cxb3 19. Bxa6 Qxa6 20. Nb2 dxe4 21. axb3 Qb7 22. Nxe4 Nxe4 23. fxe4 Nd7 24. b4 Qxe4 25. Rae1 Rc8 26. Bc5 Qc6 27. Nd3 Bf5 28. Qe3 Bxd3 29. Qxd3 Nxc5 30. bxc5 Qxc5+ 31. Kh1 Qc6 32. Qe2 h5 33. Rd1 h4 34. Qd3 Re8 35. Qh3 Re2 36. Rg1 Qe4 37. Rd8+ Kh7 38. Rd7 Re1 39. Rd1 Re2 40. Rdf1 f5 41. Qf3 Bd4 42. Qxe4 Rxe4 43. Rf3 Bxg1 44. Kxg1 Kh6 45. h3 Re2 46. Ra3 Kg5 47. Ra6 1/2-1/2

[Event "YUG-ch53"]
[Site "Belgrade "]
[Date "1998.03.14"]
[Round "1"]
[White "Markovic, Miroslav"]
[Black "Petronic, Jovan"]
[Result "1-0"]
[WhiteElo "2540"]
[BlackElo "2450"]
[PlyCount "115"]
[EventDate "1998.03.14"]
[EventType "tourn"]
[EventRounds "15"]
[EventCountry "YUG"]
[EventCategory "10"]
[SourceTitle "CBM 064"]
[Source "ChessBase"]
[SourceDate "1998.06.02"]
[SourceVersion "1"]
[SourceVersionDate "1998.06.02"]
[SourceQuality "1"]

1. e4 e5 2. Nf3 Nc6 3. Bb5 a6 4. Bxc6 dxc6 5. 0-0 Qd6 6. Na3 b5 7. c3 c5 8. Nc2 Bb7 9. d4 cxd4 10. cxd4 exd4 11. Nfxd4 0-0-0 12. b4 Bxe4 13. Qg4+ f5 14. Nxf5 Bxf5 15. Qxf5+ Qd7 16. Qf3 Qd5 17. Qh3+ Qd7 18. Qc3 Nf6 19. a4 bxa4 20. Bg5 Be7 21. Qf3 Qd5 22. Qh3+ Qd7 23. Qf3 Qd5 24. Qg3 Qb5 25. Be3 Bd6 26. Qh3+ Qd7 27. Qf3 Qg4 28. Qc6 Qh5 29. h3 Qb5 30. Nd4 Qxc6 31. Nxc6 Rde8 32. Rxa4 Kd7 33. Rxa6 Ra8 34. Rfa1 Rxa6 35. Rxa6 Re8 36. Kf1 Nd5 37. Bd2 Re4 38. b5 Nb6 39. Ra1 Ke6 40. f3 Rc4 41. Re1+ Kf6 42. Be3 Bc5 43. Nd8 Bxe3 44. Rxe3 Nd5 45. Re6+ Kf5 46. Re2 Kf6 47. g3 g6 48. Re6+ Kg7 49. Re5 Nb4 50. f4 Rc1+ 51. Ke2 Rc2+ 52. Kf3 Rc3+ 53. Kg4 Nd3 54. Re7+ Kg8 55. Ne6 Nf2+ 56. Kh4 Rb3 57. Rg7+ Kh8 58. Rxc7 1-0

[Event "YUG-chT"]
[Site "Vrnjacka Banja"]
[Date "1998.??.??"]
[Round "7"]
[White "Brenjo, Slavisa"]
[Black "Petronic, Jovan"]
[Result "1-0"]
[WhiteElo "2450"]
[BlackElo "2450"]
[PlyCount "89"]
[EventDate "1998.08.??"]
[EventType "team-tourn"]
[EventRounds "11"]
[EventCountry "YUG"]
[SourceTitle "EXT 2002"]
[Source "ChessBase"]
[SourceDate "2001.11.25"]
[SourceVersion "1"]
[SourceVersionDate "2001.11.25"]
[SourceQuality "1"]

1. e4 e5 2. Nf3 Nc6 3. Bc4 Nf6 4. d4 exd4 5. e5 d5 6. Bb5 Ne4 7. Nxd4 Bc5 8. Be3 Bxd4 9. Qxd4 0-0 10. Bxc6 bxc6 11. Nc3 Ng5 12. 0-0-0 Ne6 13. Qd2 a5 14. f4 f5 15. exf6 Qxf6 16. g3 a4 17. a3 Bd7 18. Rhe1 Be8 19. Bd4 Qh6 20. f5 Qxd2+ 21. Rxd2 Nxd4 22. Rxd4 Rxf5 23. Nxa4 Bg6 24. Nc5 Rf2 25. Rd2 Rxd2 26. Kxd2 Ra5 27. Ne6 Ra7 28. Re3 Bf7 29. Nc5 Kf8 30. a4 Ra8 31. b4 h6 32. a5 d4 33. Re4 Rd8 34. Kd3 Ra8 35. Rxd4 Bg6+ 36. Kd2 Ke7 37. Rd7+ Kf6 38. Rxc7 Be8 39. a6 g5 40. Ke3 Ke5 41. c4 Kd6 42. Rh7 h5 43. Kd4 g4 44. a7 Rc8 45. Rb7 1-0